000 00760cab a2200265 4500
001 ABS54789
008 090401t1996 xxu||||| |||| 00| 0 eng d
035 _a(Sirsi) u12264
041 _aeng
100 _aDavies, L.
245 _aDifferent directions to the same town
260 _c1996
350 _a0
490 _aPlanning Week
_v4(11) 14 March 1996, 16-17(2)
520 _aCompares the differences between the draft Scottish NPPG guideline on retailing and its English equivalent PPG6.
650 _aENGLAND
650 _aNPPGS
650 _aPLANNING POLICY GUIDANCE NOTE SIX
650 _aRETAIL DEVELOPMENT
650 _aSCOTLAND
650 _aTOWN CENTRES
690 _aPLANNING LAW AND PRACTICE
942 _n0
948 _c04/03/1997
999 _c7850
_d7850